Demography (Record no. 18284)

MARC details
000 -LEADER
fixed length control field 00605nam a22001937a 4500
008 - FIXED-LENGTH DATA ELEMENTS--GENERAL INFORMATION
fixed length control field 200317b xxu||||| |||| 00| 0 eng d
020 ## - INTERNATIONAL STANDARD BOOK NUMBER
International Standard Book Number 1478613060
040 ## - CATALOGING SOURCE
Original cataloging agency KABU
Transcribing agency KABU
050 ## - LIBRARY OF CONGRESS CALL NUMBER
Classification number HB871
Item number .L86 2015 c. 1
100 ## - MAIN ENTRY--PERSONAL NAME
Personal name Lundquist, Jennifer Hickes
245 ## - TITLE STATEMENT
Title Demography
Remainder of title the study of human population
Statement of responsibility, etc. Jennifer Hickes Lunquist, Douglas L. Anderton, David Yaukey
250 ## - EDITION STATEMENT
Edition statement 4th ed.
260 ## - PUBLICATION, DISTRIBUTION, ETC. (IMPRINT)
Place of publication, distribution, etc. Long Grove, Ilinois
Name of publisher, distributor, etc. Waveland Press
Date of publication, distribution, etc. 2015
300 ## - PHYSICAL DESCRIPTION
Extent xix, 476 p.
650 ## - SUBJECT ADDED ENTRY--TOPICAL TERM
Topical term or geographic name as entry element Demography
700 ## - ADDED ENTRY--PERSONAL NAME
Personal name Anderton, Douglas L.
700 ## - ADDED ENTRY--PERSONAL NAME
Personal name Yaukey, David
942 ## - ADDED ENTRY ELEMENTS (KOHA)
Source of classification or shelving scheme Library of Congress Classification
Koha item type General Collection
Classification part HB871
Holdings
Withdrawn status Lost status Source of classification or shelving scheme Not for loan Home library Current library Date acquired Cost, normal purchase price Total Checkouts Full call number Barcode Date last seen Date last checked out Copy number Price effective from Koha item type
    Library of Congress Classification   Kabarak, Main Campus Kabarak, Main Campus 17/03/2020 8487.00 4 HB871 .L86 2015 c. 1 023849 02/08/2024 19/03/2024 c. 1 17/03/2020 General Collection
    Library of Congress Classification   Kabarak, Main Campus Kabarak, Main Campus 17/09/2020 8575.00 7 HB871 .L86 2015 c.2 029273 02/08/2024 23/03/2023 c.2 17/09/2020 General Collection
    Library of Congress Classification   Kabarak, Main Campus Kabarak, Main Campus 17/09/2020 8575.00 1 HB871 .L86 2015 c.3 029274 02/08/2024 23/01/2023 c.3 17/09/2020 General Collection
    Library of Congress Classification   Kabarak, Nakuru City Campus Kabarak, Nakuru City Campus 17/09/2020 8575.00   HB871 .L86 2015 c.1 029275 17/09/2020   c.1 17/09/2020 General Collection
Designed with assistance from East African Informatics Ltd